<?xml version="1.0" encoding="UTF-8"?>
<record
    xmlns:xsi="http://www.w3.org/2001/XMLSchema-instance"
    xsi:schemaLocation="http://www.loc.gov/MARC21/slim http://www.loc.gov/standards/marcxml/schema/MARC21slim.xsd"
    xmlns="http://www.loc.gov/MARC21/slim">

  <leader>01161nam0a2200289 i 4500</leader>
  <controlfield tag="001">RU\NLR\BIBL_A\010406757</controlfield>
  <controlfield tag="005">20260405214300.0</controlfield>
  <datafield tag="010" ind1=" " ind2=" ">
    <subfield code="a">9785373060813</subfield>
    <subfield code="9">3000</subfield>
  </datafield>
  <datafield tag="021" ind1=" " ind2=" ">
    <subfield code="a">RU</subfield>
    <subfield code="b">2014-28346</subfield>
    <subfield code="9">1746</subfield>
  </datafield>
  <datafield tag="035" ind1=" " ind2=" ">
    <subfield code="a">(NLR Aleph) 010406757</subfield>
  </datafield>
  <datafield tag="090" ind1=" " ind2=" ">
    <subfield code="a">9732930</subfield>
    <subfield code="c">9732930</subfield>
  </datafield>
  <datafield tag="100" ind1=" " ind2=" ">
    <subfield code="a">20140619d2014    cm y0rusy50      ca</subfield>
  </datafield>
  <datafield tag="101" ind1="0" ind2=" ">
    <subfield code="a">rus</subfield>
  </datafield>
  <datafield tag="102" ind1=" " ind2=" ">
    <subfield code="a">RU</subfield>
  </datafield>
  <datafield tag="105" ind1=" " ind2=" ">
    <subfield code="a">a|||z|||000ay</subfield>
  </datafield>
  <datafield tag="200" ind1="1" ind2=" ">
    <subfield code="a">&#x421;&#x435;&#x43C;&#x44C; &#x421;&#x438;&#x43C;&#x435;&#x43E;&#x43D;&#x43E;&#x432;</subfield>
  </datafield>
  <datafield tag="210" ind1=" " ind2=" ">
    <subfield code="a">&#x41C;&#x43E;&#x441;&#x43A;&#x432;&#x430;</subfield>
    <subfield code="c">&#x41E;&#x41B;&#x41C;&#x410; &#x41C;&#x435;&#x434;&#x438;&#x430; &#x413;&#x440;&#x443;&#x43F;&#x43F;</subfield>
    <subfield code="d">2014</subfield>
  </datafield>
  <datafield tag="215" ind1=" " ind2=" ">
    <subfield code="a">31 &#x441;.</subfield>
    <subfield code="c">&#x446;&#x432;. &#x438;&#x43B;.</subfield>
    <subfield code="d">30</subfield>
  </datafield>
  <datafield tag="225" ind1="1" ind2=" ">
    <subfield code="a">&#x421;&#x43A;&#x430;&#x437;&#x43A;&#x438; &#x423;&#x447;&#x435;&#x43D;&#x43E;&#x433;&#x43E; &#x41A;&#x43E;&#x442;&#x430;</subfield>
  </datafield>
  <datafield tag="423" ind1=" " ind2="0">
    <subfield code="1">2001#$a&#x414;&#x435;&#x440;&#x435;&#x432;&#x44F;&#x43D;&#x43D;&#x44B;&#x439; &#x43E;&#x440;&#x435;&#x43B;$e[&#x434;&#x43B;&#x44F; &#x43C;&#x43B;&#x430;&#x434;&#x448;&#x435;&#x433;&#x43E; &#x448;&#x43A;&#x43E;&#x43B;&#x44C;&#x43D;&#x43E;&#x433;&#x43E; &#x432;&#x43E;&#x437;&#x440;&#x430;&#x441;&#x442;&#x430;$f[&#x43A; &#x441;&#x431;. &#x432; &#x446;&#x435;&#x43B;&#x43E;&#x43C;:] &#x440;&#x438;&#x441;. &#x414;&#x430;&#x440;&#x44C;&#x438; &#x428;&#x430;&#x440;&#x44B;&#x447;&#x435;&#x432;&#x43E;&#x439;</subfield>
    <subfield code="1">210##$a&#x41C;&#x43E;&#x441;&#x43A;&#x432;&#x430;$d2014</subfield>
    <subfield code="1">215##$a&#x421;. 18-31$c&#x446;&#x432;. &#x438;&#x43B;.</subfield>
    <subfield code="t">&#x414;&#x435;&#x440;&#x435;&#x432;&#x44F;&#x43D;&#x43D;&#x44B;&#x439; &#x43E;&#x440;&#x435;&#x43B;</subfield>
  </datafield>
  <datafield tag="686" ind1="0" ind2=" ">
    <subfield code="a">&#x428;9(2)3=&#x420;-2&#x44F;43</subfield>
  </datafield>
  <datafield tag="702" ind1=" " ind2="1">
    <subfield code="4">040</subfield>
    <subfield code="8">rus</subfield>
    <subfield code="7">ca</subfield>
    <subfield code="a">&#x428;&#x430;&#x440;&#x44B;&#x447;&#x435;&#x432;&#x430;</subfield>
    <subfield code="b">&#x414;. &#x421;.</subfield>
    <subfield code="c">&#x445;&#x443;&#x434;&#x43E;&#x436;&#x43D;&#x438;&#x43A;-&#x438;&#x43B;&#x43B;&#x44E;&#x441;&#x442;&#x440;&#x430;&#x442;&#x43E;&#x440;</subfield>
    <subfield code="g">&#x414;&#x430;&#x440;&#x44C;&#x44F; &#x421;.</subfield>
    <subfield code="3">RU\NLR\auth\7797252</subfield>
    <subfield code="9">80178</subfield>
  </datafield>
  <datafield tag="942" ind1=" " ind2=" ">
    <subfield code="c">BOOK</subfield>
  </datafield>
  <datafield tag="980" ind1=" " ind2=" ">
    <subfield code="a">NBR</subfield>
  </datafield>
</record>
